| 000 | 00413cam a2200193ua 4500 | ||
|---|---|---|---|
| 020 | _cRs.0.3 | ||
| 041 |
_amal _h |
||
| 082 |
_a894.812308 _bMAM/VI |
||
| 100 | _aMama, varerkar . | ||
| 245 | _aVittarunna poomottu | ||
| 250 |
_a1 / _b. |
||
| 260 |
_a : _bD.V Devaraj pai , _c1966. |
||
| 300 | _a237 ; . | ||
| 365 | _aRs.0.3 | ||
| 504 | _a | ||
| 650 | _aNovel | ||
| 942 | _cBK | ||
| 999 |
_c165 _d165 |
||